| Tag |
First Indicator |
Second Indicator |
Subfields |
| LEADER |
00000cam a2200000Ia 4500 |
| 001 |
in00003156232 |
| 005 |
20151204205329.0 |
| 008 |
130503s1984 txu b f000 0 eng d |
| 035 |
|
|
|a (OCoLC)ocn841579651
|
| 035 |
|
|
|a (OCoLC)841579651
|
| 040 |
|
|
|a TXA
|c TXA
|d UtOrBLW
|
| 049 |
|
|
|a TXAM
|
| 090 |
|
|
|a S494.5.R4
|b S53 1984
|
| 100 |
1 |
|
|a Sielken, Robert L.
|
| 245 |
1 |
0 |
|a Area estimation using multiyear designs and partial crop identification :
|b final report /
|c Robert L. Sielken, Jr.
|
| 264 |
|
1 |
|a College Station, TX :
|b Department of Statistics, Texas A&M University,
|c [1984]
|
| 300 |
|
|
|a 34 leaves ;
|c 28 cm.
|
| 336 |
|
|
|a text
|b txt
|2 rdacontent
|
| 337 |
|
|
|a unmediated
|b n
|2 rdamedia
|
| 338 |
|
|
|a volume
|b nc
|2 rdacarrier
|
| 536 |
|
|
|b NAS9-16785
|
| 500 |
|
|
|a "May, 1984"
|
| 504 |
|
|
|a Includes bibliographical references.
|
| 650 |
|
0 |
|a Agriculture
|x Remote sensing.
|
| 650 |
|
0 |
|a Agricultural surveys.
|
| 710 |
2 |
|
|a Texas A & M University.
|b Department of Statistics.
|
| 994 |
|
|
|a C0
|b TXA
|
| 948 |
|
|
|a cataloged
|b h
|c 2013/5/3
|d o
|e nbehmer
|f 9:32:26 am
|
| 999 |
|
|
|a MARS
|
| 999 |
f |
f |
|s 6f4dcaaf-597f-3484-ae08-8e42b82fbb26
|i c2c8bbef-7edb-31dc-9ede-25ed25607482
|t 0
|
| 952 |
f |
f |
|p noncirc
|a Texas A&M University
|b College Station
|c Cushing Memorial Library & Archives
|d Cushing: Texas A&M Publications (Remote Storage: 2-3 day retrieval)
|t 0
|e S494.5.R4 S53 1984
|h Library of Congress classification
|i unmediated -- volume
|
| 998 |
f |
f |
|a S494.5.R4 S53 1984
|t 0
|l Cushing: Texas A&M Publications (Remote Storage: 2-3 day retrieval)
|